<?xml version="1.0" encoding="UTF-8"?>
<marc:record xmlns:marc="http://www.loc.gov/MARC21/slim">
   <marc:leader>00000nam a2200000 a 4500</marc:leader>
   <marc:datafield ind1="1" ind2=" " tag="100">
      <marc:subfield code="a">Pingel, Christina</marc:subfield>
      <marc:subfield code="4">aut</marc:subfield>
      <marc:subfield code="e">Verfasser/-in</marc:subfield>
   </marc:datafield>
   <marc:datafield ind1="0" ind2="0" tag="245">
      <marc:subfield code="a">Diagnose: Frau</marc:subfield>
   </marc:datafield>
   <marc:datafield ind1="0" ind2="0" tag="245">
      <marc:subfield code="b">Wie mich die männerbasierte Medizin fast das Leben kostete</marc:subfield>
   </marc:datafield>
   <marc:datafield ind1="0" ind2="0" tag="245">
      <marc:subfield code="c">Christina Pingel</marc:subfield>
   </marc:datafield>
   <marc:datafield ind1=" " ind2="1" tag="264">
      <marc:subfield code="a">München</marc:subfield>
      <marc:subfield code="b">Piper</marc:subfield>
      <marc:subfield code="c">2024</marc:subfield>
   </marc:datafield>
   <marc:datafield ind1="1" ind2=" " tag="520">
      <marc:subfield code="a">Christina Pingel ist neun Jahre alt, als ihre Mutter durch ein unbehandeltes Herzleiden klinisch tot aufgefunden wird. Nach erfolgreicher Reanimation kommt sie schwerbehindert ins Pflegeheim, einige Jahre später verstirbt sie. Als Christina bei sich ähnliche Symptome feststellt, beginnt eine Odyssee, denn auch im 21. Jahrhundert wird die Gendermedizin unzureichend gelehrt, Medikamente werden meist nur an Männern getestet, und Frauen werden vorschnell als psychisch krank oder hysterisch abgetan. Mit ihrem Buch rüttelt Christina Pingel auf und macht klar: Medizin muss für alle da sein.</marc:subfield>
   </marc:datafield>
   <marc:datafield ind1=" " ind2=" " tag="020">
      <marc:subfield code="a">9783492064750</marc:subfield>
      <marc:subfield code="9">9783492064750</marc:subfield>
   </marc:datafield>
   <marc:datafield ind1=" " ind2=" " tag="020">
      <marc:subfield code="a">3492064752</marc:subfield>
      <marc:subfield code="9">3492064752</marc:subfield>
   </marc:datafield>
   <marc:datafield ind1=" " ind2=" " tag="041">
      <marc:subfield code="a">ger</marc:subfield>
   </marc:datafield>
   <marc:datafield ind1=" " ind2=" " tag="300">
      <marc:subfield code="a">256 Seiten</marc:subfield>
   </marc:datafield>
</marc:record>
